[Event "105th ch-GBR 2018"]
[Site "Hull ENG"]
[Date "2018.08.03"]
[Round "7.8"]
[White "Toma, Katarzyna"]
[Black "Fernandez, Daniel Howard"]
[Result "0-1"]
[WhiteTitle "WGM"]
[BlackTitle "GM"]
[WhiteElo "2274"]
[BlackElo "2477"]
[WhiteFideId "1119907"]
[BlackFideId "5801605"]
[EventDate "2018.07.28"]

1. e4 e5 2. Nf3 Nf6 3. Nxe5 d6 4. Nf3 Nxe4 5. Nc3 Nf6 6. d4 Be7 7. Bd3 O-O 8. h3
b6 9. O-O Bb7 10. Re1 Re8 11. Bg5 Nbd7 12. Nh4 g6 13. Qd2 Nh5 14. Bc4 Bxg5 15.
Rxe8+ Qxe8 16. Qxg5 Qd8 17. f4 Qf6 18. Ne2 a6 19. Qg4 b5 20. Bd3 Nb6 21. f5 Nd5
22. fxg6 hxg6 23. Nf5 Re8 24. Rf1 Bc8 25. Nh6+ Kg7 26. Rxf6 Bxg4 27. Rxf7+ Kxh6
28. hxg4 Nhf6 29. g3 Nxg4 30. Nf4 Nxf4 31. Rxf4 Kg5 32. Bxg6 Re1+ 33. Kg2 Re2+
34. Kg1 Ne3 35. Bd3 Rg2+ 36. Kh1 Rd2 37. Kg1 Nxc2 38. Bxc2 Rxc2 39. Rf2 Rc1+ 40.
Rf1 Rxf1+ 41. Kxf1 Kf5 42. Kg2 Ke4 43. Kh3 Kxd4 44. Kh4 Ke5 45. Kh5 d5 0-1

[Event "105th ch-GBR 2018"]
[Site "Hull ENG"]
[Date "2018.08.03"]
[Round "7.11"]
[White "Gormally, Daniel W"]
[Black "Wells, Peter K"]
[Result "1-0"]
[WhiteTitle "GM"]
[BlackTitle "GM"]
[WhiteElo "2478"]
[BlackElo "2426"]
[WhiteFideId "406465"]
[BlackFideId "400327"]
[EventDate "2018.07.28"]

1. e4 e5 2. Nf3 Nc6 3. Bb5 a6 4. Ba4 Nf6 5. O-O Be7 6. Re1 b5 7. Bb3 d6 8. c3
O-O 9. h3 Nb8 10. d3 Nbd7 11. Nbd2 Bb7 12. Nf1 Nc5 13. Bc2 Re8 14. Ng3 Bf8 15.
Nh2 Ne6 16. Bb3 g6 17. Bxe6 Rxe6 18. f4 exf4 19. Bxf4 c5 20. Nf3 h6 21. Qd2 Kh7
22. Qf2 Bg7 23. Rad1 Qe7 24. b4 Rc8 25. bxc5 dxc5 26. e5 Nd5 27. Bd2 f5 28. exf6
Nxf6 29. Rxe6 Qxe6 30. Re1 Qd6 31. Ne5 Rf8 32. Nxg6 Kxg6 33. Nf5 Qxd3 34. Re7
Ne8 35. Nh4+ Kh7 36. Qxf8 1-0

[Event "105th ch-GBR 2018"]
[Site "Hull ENG"]
[Date "2018.08.03"]
[Round "7.15"]
[White "Roberson, Peter T"]
[Black "Zapolskis, Antanas"]
[Result "1/2-1/2"]
[WhiteTitle "IM"]
[BlackTitle "IM"]
[WhiteElo "2401"]
[BlackElo "2283"]
[WhiteFideId "412384"]
[BlackFideId "12800210"]
[EventDate "2018.07.28"]

1. e4 c5 2. Nf3 Nc6 3. c3 d6 4. d4 Nf6 5. d5 Nb8 6. Bd3 g6 7. c4 Bg7 8. h3 O-O
9. Nc3 a6 10. O-O Nbd7 11. a4 Re8 12. Bf4 Nh5 13. Bg5 h6 14. Be3 e5 15. dxe6
Rxe6 16. Qd2 Ne5 17. Be2 Qf8 18. Nd5 Rb8 19. Nxe5 dxe5 20. Bxh5 gxh5 21. Qe2 Kh7
22. Qxh5 b6 23. a5 b5 24. b3 Rg6 25. Rad1 Rb7 26. Nb6 Be6 27. Rd2 f5 28. exf5
Bxf5 29. Bxc5 Qf7 30. Kh1 Be4 31. f3 Qf4 32. Rd8 Bc6 33. Qxg6+ Kxg6 34. Rd6+ Kh7
35. Rxc6 bxc4 36. bxc4 e4 37. Nd5 Qf5 38. Rb6 Rf7 39. Bg1 Qc8 40. f4 Qxc4 41.
Ne3 Qe2 42. Rd1 Bf8 43. Rc1 Qd2 44. Rcc6 Qxa5 45. Rxa6 Qe1 46. Nd5 Bg7 47. Kh2
h5 48. Be3 h4 49. Rg6 Rf5 50. Rg4 Rxd5 51. Ra7 Qc3 52. Bf2 Rd6 53. Raxg7+ Qxg7
54. Rxg7+ Kxg7 55. Bxh4 Kg6 56. g4 Rd3 57. Kg2 Kf7 58. f5 Rf3 59. Bg5 Rb3 60. h4
Kg7 61. h5 Kf7 62. h6 Kg8 63. Bf6 Rf3 64. Be5 Kh7 65. Bg7 Kg8 66. Bf6 Kh7 67.
Bg5 Ra3 68. Kf2 Rf3+ 69. Ke2 Rg3 70. Bf4 Rf3 71. Be3 Kg8 72. g5 Rxf5 73. g6 Rh5
74. Kd2 Rh3 75. Bf4 Rd3+ 76. Ke2 Rh3 77. Kd2 Rd3+ 78. Ke1 Rh3 79. Ke2 Kf8 80.
Bg5 Rh5 81. Bc1 Rh2+ 82. Kd1 Ke7 83. Bb2 Rxh6 84. g7 Kf7 85. Be5 Rg6 86. Ke2 Ke6
87. Ba1 Kf5 88. Ke3 Rg3+ 89. Kf2 Rg4 90. Ke3 Rg3+ 1/2-1/2

[Event "105th ch-GBR 2018"]
[Site "Hull ENG"]
[Date "2018.08.04"]
[Round "8.1"]
[White "Adams, Michael"]
[Black "Pert, Nicholas"]
[Result "1/2-1/2"]
[WhiteTitle "GM"]
[BlackTitle "GM"]
[WhiteElo "2706"]
[BlackElo "2544"]
[WhiteFideId "400041"]
[BlackFideId "403989"]
[EventDate "2018.07.28"]

1. e4 c5 2. Nf3 Nc6 3. Bb5 Nf6 4. Nc3 g6 5. h3 Bg7 6. e5 Ng8 7. Bxc6 dxc6 8. d3
Nh6 9. g4 O-O 10. Qe2 Qb6 11. Nd2 Qc7 12. Nb3 f5 13. g5 Nf7 14. f4 b6 15. Be3
Be6 16. Nd2 Bd5 17. Nf3 Nd8 18. h4 Ne6 19. h5 Bxf3 20. Qxf3 Nd4 21. Qf2 Rfd8 22.
O-O-O e6 23. Rh4 Qd7 24. Ne2 Nxe2+ 25. Qxe2 Kf7 26. c4 Qc7 27. Rdh1 Rg8 28. R1h3
Rad8 29. Kc2 Qc8 30. Qf3 a5 31. Rh2 Qd7 32. Rd2 Qc7 33. Qh1 Qc8 34. Rh3 Qd7 35.
Qf3 Qc8 36. Rh1 Rd7 37. Kd1 Rgd8 38. Ke2 a4 39. Rb1 Ra7 40. b4 axb3 41. Rxb3 Qc7
42. Rdb2 Rda8 43. Rxb6 Rxa2 44. Rb3 Bxe5 45. fxe5 1/2-1/2

[Event "105th ch-GBR 2018"]
[Site "Hull ENG"]
[Date "2018.08.04"]
[Round "8.2"]
[White "Fernandez, Daniel Howard"]
[Black "Howell, David W L"]
[Result "0-1"]
[WhiteTitle "GM"]
[BlackTitle "GM"]
[WhiteElo "2477"]
[BlackElo "2687"]
[WhiteFideId "5801605"]
[BlackFideId "410608"]
[EventDate "2018.07.28"]

1. Nf3 d5 2. e3 Nf6 3. c4 c5 4. a3 Nc6 5. cxd5 Nxd5 6. d4 e6 7. Be2 cxd4 8. Nxd4
Bd7 9. e4 Nxd4 10. Qxd4 Rc8 11. O-O Qb6 12. Qxb6 Nxb6 13. Nc3 Nc4 14. Rd1 f6 15.
Bxc4 Rxc4 16. Be3 a6 17. Rd3 Rc8 18. Rad1 Bc6 19. f3 Be7 20. g4 Kf7 21. Kg2 Rhd8
22. Rxd8 Bxd8 23. h4 Bc7 24. h5 Be5 25. Bd4 Bb8 26. Bb6 Bf4 27. Kf2 Be8 28. Be3
Be5 29. Bd4 Bf4 30. Be3 Be5 31. Bd4 Bb8 32. Ke2 Bc6 33. Bb6 Bh2 34. Rd8 Rxd8 35.
Bxd8 Bf4 36. Kd3 f5 37. Bb6 Bc1 38. Kc2 Bg5 39. Kd3 Bc1 40. Kc2 Bg5 41. Kd3 h6
42. Bd4 fxg4 43. fxg4 Bc1 44. Nd1 Bb5+ 45. Kc2 Bf4 46. Nf2 e5 47. Bc5 Be2 48. b4
b5 49. Kc3 Kf6 50. Bd6 Be3 51. Nd3 Bd4+ 52. Kd2 Bxd3 53. Kxd3 Kg5 54. Bc5 Ba1
55. Bf8 Kxg4 56. Bxg7 Kxh5 57. Ke3 Bb2 58. Kf3 Kg6 59. Bh8 h5 60. Kg3 Bxa3 61.
Bxe5 Bxb4 0-1

[Event "105th ch-GBR 2018"]
[Site "Hull ENG"]
[Date "2018.08.04"]
[Round "8.3"]
[White "Hebden, Mark L"]
[Black "Jones, Gawain C B"]
[Result "0-1"]
[WhiteTitle "GM"]
[BlackTitle "GM"]
[WhiteElo "2423"]
[BlackElo "2670"]
[WhiteFideId "400084"]
[BlackFideId "409561"]
[EventDate "2018.07.28"]

1. d4 Nf6 2. Bg5 d5 3. e3 c5 4. Bxf6 gxf6 5. Nc3 Nc6 6. Qh5 cxd4 7. exd4 e6 8.
Nf3 Bd7 9. Bb5 a6 10. Bxc6 Bxc6 11. O-O Qc7 12. a4 O-O-O 13. Rfb1 Be8 14. Ne2
Kb8 15. Rc1 Rg8 16. c4 dxc4 17. b3 Rg6 18. bxc4 f5 19. Qh4 f6 20. Qf4 Bd6 21.
Qe3 f4 22. Qb3 e5 23. d5 Bc5 24. Rab1 Bd7 25. Nc3 Bh3 26. Ne4 Rxg2+ 27. Kh1 Rg7
28. Rg1 Rdg8 29. Nxf6 Rxg1+ 30. Rxg1 Rxg1+ 31. Nxg1 Bf5 32. Qf3 Bd4 33. Qe2 Qg7
34. Ne4 Qg6 35. Nd2 e4 36. Nb3 f3 37. Qf1 Be5 0-1

[Event "105th ch-GBR 2018"]
[Site "Hull ENG"]
[Date "2018.08.04"]
[Round "8.4"]
[White "McShane, Luke J"]
[Black "Fodor, Tamas Jr."]
[Result "1-0"]
[WhiteTitle "GM"]
[BlackTitle "GM"]
[WhiteElo "2669"]
[BlackElo "2506"]
[WhiteFideId "404853"]
[BlackFideId "723762"]
[EventDate "2018.07.28"]

1. e4 e6 2. d4 d5 3. Nd2 c5 4. Ngf3 Nf6 5. exd5 exd5 6. Bb5+ Bd7 7. Bxd7+ Nbxd7
8. O-O Be7 9. dxc5 Nxc5 10. Re1 O-O 11. Nf1 Re8 12. Be3 Rc8 13. c3 a5 14. Bd4
Ne6 15. Be5 Qb6 16. Re2 Nh5 17. g3 Bc5 18. Rd2 g6 19. Qb3 Qa7 20. Rad1 Rcd8 21.
Qc2 Ng5 22. Nxg5 Rxe5 23. Nf3 Rf5 24. Nd4 Re5 25. Nf3 Rf5 26. Nd4 Re5 27. Ne3
Nf6 28. Rd3 Rde8 29. a3 a4 30. Kg2 Kg7 31. Qc1 Qb6 32. Qc2 h5 33. h3 Ne4 34. f4
Nxc3 35. Rxc3 Bxd4 36. fxe5 Bxe3 37. Rxd5 Bd4 38. Rd6 Qa7 39. Rc7 Bxe5 40. Qxg6+ 1-0

[Event "105th ch-GBR 2018"]
[Site "Hull ENG"]
[Date "2018.08.04"]
[Round "8.6"]
[White "Adair, James R"]
[Black "Arkell, Keith C"]
[Result "0-1"]
[WhiteTitle "IM"]
[BlackTitle "GM"]
[WhiteElo "2492"]
[BlackElo "2406"]
[WhiteFideId "406252"]
[BlackFideId "400270"]
[EventDate "2018.07.28"]

1. e4 e6 2. d4 d5 3. Nc3 dxe4 4. Nxe4 Bd7 5. Nf3 Bc6 6. Bd3 Nd7 7. O-O Ngf6 8.
Ng3 Be7 9. Re1 Bxf3 10. Qxf3 c6 11. c3 O-O 12. Bc2 Re8 13. Bd2 Qb6 14. b3 Rac8
15. Rad1 c5 16. dxc5 Bxc5 17. Ne4 Be7 18. c4 Qa6 19. Bc3 Red8 20. Qg3 g6 21. a4
Nxe4 22. Bxe4 Qb6 23. a5 Qc7 24. Qxc7 Rxc7 25. g3 Rdc8 26. Re3 b6 27. Bc2 Nf6
28. Be5 Rc5 29. axb6 axb6 30. Bd4 R5c6 31. Re5 Ng4 32. Rb5 Bc5 33. h3 Bxd4 34.
Rxd4 Nf6 35. Bd1 Rb8 36. Bf3 Rc5 37. Rb4 Ne8 38. Rd7 Rc7 39. Rxc7 Nxc7 40. c5 b5
41. Rd4 Na6 42. c6 Rc8 43. Rd6 Nb4 44. Be2 Nxc6 45. Bxb5 Na5 46. Ba4 Rb8 47. Rd3
Kg7 48. Kf1 Rb4 49. Ke2 Nb7 50. Rc3 Nd6 51. Rd3 Ne4 52. Ke3 Nc5 53. Rc3 Nxa4 54.
bxa4 Rxa4 55. h4 h6 56. Rc7 g5 57. hxg5 hxg5 58. Rb7 Ra3+ 59. Ke2 Kg6 60. Re7 g4
61. Kd2 Kf6 62. Rb7 e5 63. Ke2 Ke6 64. Rb6+ Kf5 65. Rb7 f6 66. Rb6 Rc3 67. Ra6
Rc5 68. Ke3 Rb5 69. Ke2 Kg5 70. Ke3 Rb2 71. Ra8 Rc2 72. Rb8 f5 73. Rg8+ Kf6 74.
Rf8+ Ke6 75. Re8+ Kd6 76. Rd8+ Ke7 77. Ra8 Rc3+ 78. Ke2 Ke6 79. Rd8 f4 80. gxf4
exf4 81. Kd2 Ra3 82. Rg8 Kf5 83. Ke2 f3+ 84. Ke1 Ra1+ 85. Kd2 Rf1 86. Rf8+ Ke5
87. Re8+ Kf6 88. Rf8+ Kg7 89. Rf5 Kg6 90. Rf8 Rxf2+ 91. Ke3 Rg2 92. Rg8+ Kf5 93.
Rf8+ Kg6 94. Rg8+ Kf7 95. Rg5 Kf6 96. Rg8 Re2+ 97. Kf4 f2 98. Kg3 Kf7 0-1

[Event "105th ch-GBR 2018"]
[Site "Hull ENG"]
[Date "2018.08.04"]
[Round "8.8"]
[White "Eggleston, David J"]
[Black "Ward, Chris G"]
[Result "1-0"]
[WhiteTitle "IM"]
[BlackTitle "GM"]
[WhiteElo "2397"]
[BlackElo "2434"]
[WhiteFideId "412120"]
[BlackFideId "400203"]
[EventDate "2018.07.28"]

1. e4 c5 2. Nf3 Nc6 3. d4 cxd4 4. Nxd4 g6 5. c4 Bg7 6. Nc2 e6 7. Nc3 Nge7 8. Be2
O-O 9. O-O f5 10. exf5 Nxf5 11. Ne4 b6 12. Rb1 Bb7 13. b3 Ne5 14. Ng3 Qh4 15.
Nxf5 gxf5 16. f4 Ng4 17. Bxg4 fxg4 18. Qxd7 Bxg2 19. Kxg2 Qh3+ 20. Kg1 g3 21.
Qd2 Rad8 22. Qg2 gxh2+ 23. Kh1 Qd3 24. Bb2 Rf7 25. Rf3 Qf5 26. Rg3 Rdd7 27. Rf1
h6 28. Nd4 Qf6 29. Rg6 1-0

[Event "105th ch-GBR 2018"]
[Site "Hull ENG"]
[Date "2018.08.04"]
[Round "8.11"]
[White "Palliser, Richard J D"]
[Black "Kalavannan, Koby"]
[Result "1/2-1/2"]
[WhiteTitle "IM"]
[WhiteElo "2418"]
[BlackElo "2277"]
[WhiteFideId "407372"]
[BlackFideId "425753"]
[EventDate "2018.07.28"]

1. d4 Nf6 2. c4 g6 3. Nc3 Bg7 4. e4 d6 5. h3 O-O 6. Be3 c5 7. Nf3 cxd4 8. Nxd4
b6 9. Qd2 Bb7 10. f3 Nbd7 11. Bh6 Bxh6 12. Qxh6 a6 13. h4 e5 14. Nc2 Nh5 15.
O-O-O Qf6 16. Rg1 Rfd8 17. g3 Nc5 18. Be2 Rac8 19. Kb1 Ne6 20. Qe3 Rb8 21. Nd5
Bxd5 22. cxd5 Nc5 23. Nb4 Ra8 24. Nc6 Rdc8 25. Rc1 Kh8 26. Bf1 Qg7 27. Bh3 Rc7
28. Rc2 Rf8 29. Bg4 Nf6 30. Bh3 Nh5 31. Qa3 a5 32. Bg4 Nf6 33. Bh3 Nh5 34. Bg4
Nf6 1/2-1/2

[Event "105th ch-GBR 2018"]
[Site "Hull ENG"]
[Date "2018.08.04"]
[Round "8.13"]
[White "Payne, Matthew J"]
[Black "Macklin, Paul"]
[Result "1/2-1/2"]
[BlackTitle "FM"]
[WhiteElo "2113"]
[BlackElo "2363"]
[WhiteFideId "417084"]
[BlackFideId "455865"]
[EventDate "2018.07.28"]

1. e4 g6 2. d4 Bg7 3. Nf3 d6 4. Bc4 Nf6 5. Qe2 Nc6 6. O-O Bg4 7. c3 O-O 8. h3
Bxf3 9. Qxf3 e5 10. Rd1 Nd7 11. Be3 exd4 12. cxd4 Nb6 13. Bb3 Na5 14. Nc3 Nxb3
15. axb3 a6 16. Ra5 c6 17. Rda1 Qd7 18. Qe2 Rae8 19. Qd3 f5 20. exf5 gxf5 21. d5
c5 22. Bf4 Be5 23. Bxe5 Rxe5 24. f4 Re7 25. Rf1 Rfe8 26. Rf3 Rg7 1/2-1/2

[Event "105th ch-GBR 2018"]
[Site "Hull ENG"]
[Date "2018.08.04"]
[Round "8.14"]
[White "Wells, Peter K"]
[Black "Wall, Tim P"]
[Result "1-0"]
[WhiteTitle "GM"]
[BlackTitle "FM"]
[WhiteElo "2426"]
[BlackElo "2234"]
[WhiteFideId "400327"]
[BlackFideId "401641"]
[EventDate "2018.07.28"]

1. d4 f5 2. e4 fxe4 3. Nc3 Nf6 4. Bg5 Nc6 5. d5 Ne5 6. Qe2 c6 7. O-O-O Qa5 8. f4
Nf7 9. Bxf6 gxf6 10. Qxe4 Bh6 11. Kb1 Nd6 12. Qe2 Bxf4 13. Qh5+ Nf7 14. Nf3 Be5
15. Nxe5 fxe5 16. Bd3 1-0

[Event "105th ch-GBR 2018"]
[Site "Hull ENG"]
[Date "2018.08.04"]
[Round "8.22"]
[White "McDougall, William M"]
[Black "Bradbury, Neil H"]
[Result "0-1"]
[BlackTitle "IM"]
[WhiteElo "2056"]
[BlackElo "2348"]
[WhiteFideId "2404923"]
[BlackFideId "400513"]
[EventDate "2018.07.28"]

1. d4 Nf6 2. c4 e6 3. Nf3 b6 4. g3 Ba6 5. Qc2 Bb4+ 6. Bd2 Be7 7. Bg2 d5 8. Ne5
O-O 9. O-O c5 10. dxc5 bxc5 11. cxd5 Nxd5 12. Nc3 Bf6 13. Ng4 Bxc3 14. Bxc3 Nc6
15. Rfd1 Qg5 16. h3 Rac8 17. e3 Rfd8 18. a3 h5 0-1

[Event "105th ch-GBR 2018"]
[Site "Hull ENG"]
[Date "2018.08.05"]
[Round "9.2"]
[White "Gormally, Daniel W"]
[Black "Adams, Michael"]
[Result "1/2-1/2"]
[WhiteTitle "GM"]
[BlackTitle "GM"]
[WhiteElo "2478"]
[BlackElo "2706"]
[WhiteFideId "406465"]
[BlackFideId "400041"]
[EventDate "2018.07.28"]

1. e4 e5 2. Nf3 Nc6 3. d4 exd4 4. Nxd4 Nf6 5. Nxc6 bxc6 6. e5 Qe7 7. Qe2 Nd5 8.
c4 Ba6 9. a3 g6 10. h4 h6 11. Nd2 Bg7 12. Qe4 Nb6 13. f4 d5 14. cxd5 cxd5 15.
Qc2 Bxf1 16. Kxf1 O-O-O 17. Nf3 f6 18. Be3 fxe5 19. fxe5 Rhf8 20. Bc5 Qxe5 21.
Bxf8 Rxf8 22. Re1 Qxb2 23. Qxb2 Bxb2 24. Re6 Bf6 25. Kf2 Kd7 26. Re2 c5 27. Kg3
c4 28. h5 Rg8 29. hxg6 Rxg6+ 30. Kf4 Bg7 31. Rhe1 Kd6 32. Nh4 Rg5 33. Nf3 Rg6 1/2-1/2

[Event "105th ch-GBR 2018"]
[Site "Hull ENG"]
[Date "2018.08.05"]
[Round "9.3"]
[White "Ghasi, Ameet K"]
[Black "Jones, Gawain C B"]
[Result "1/2-1/2"]
[WhiteTitle "IM"]
[BlackTitle "GM"]
[WhiteElo "2494"]
[BlackElo "2670"]
[WhiteFideId "409200"]
[BlackFideId "409561"]
[EventDate "2018.07.28"]

1. Nf3 g6 2. g3 Bg7 3. d4 c5 4. c3 Qc7 5. Bg2 Nf6 6. O-O O-O 7. Re1 d5 8. Bf4
Qb6 9. Qb3 Nc6 10. Nbd2 cxd4 11. Qxb6 axb6 12. Nxd4 Nxd4 13. cxd4 Bd7 14. a3
Rfc8 15. Rac1 e6 16. Be5 Ne8 17. Bxg7 Kxg7 18. e3 Nd6 19. Bf1 Kf8 20. Bd3 Bb5
21. Bxb5 Nxb5 22. Nf3 f6 23. Red1 g5 24. h3 Ke7 25. Ne1 Rc6 26. Nd3 Rac8 27. Kf1
Nd6 28. Ke1 h5 29. Ke2 Ne4 30. g4 Kd7 31. gxh5 Rh8 32. h4 gxh4 33. Nf4 Kd6 34.
Rxc6+ bxc6 35. Rh1 e5 36. Ng6 Rxh5 37. Rxh4 Rg5 38. dxe5+ fxe5 39. Rh6 Kd7 40.
f3 Nc5 41. f4 exf4 42. exf4 Rg2+ 43. Kf3 Rxb2 44. Ne5+ Kc7 45. Rxc6+ Kb7 46. Rd6
Rb3+ 47. Kg4 Rxa3 48. Rxd5 Ra4 49. Kf5 Kc7 50. Nf3 Ra3 51. Nd4 Kb7 52. Ne6 Kc6
53. Re5 Rd3 54. Nxc5 bxc5 55. Re1 Kd5 56. Kf6 c4 57. f5 c3 58. Kg7 Rg3+ 59. Kf7
c2 60. Rc1 Rc3 61. f6 Ke5 62. Re1+ Kf5 63. Rf1+ Ke5 64. Re1+ Kd6 65. Rc1 Kd7 66.
Kg6 Ke8 67. Kf5 Kf7 68. Ke5 Rc8 69. Kd4 Kxf6 70. Kd3 Ke5 71. Rxc2 Rxc2 72. Kxc2 1/2-1/2

[Event "105th ch-GBR 2018"]
[Site "Hull ENG"]
[Date "2018.08.05"]
[Round "9.4"]
[White "Arkell, Keith C"]
[Black "Eggleston, David J"]
[Result "1/2-1/2"]
[WhiteTitle "GM"]
[BlackTitle "IM"]
[WhiteElo "2406"]
[BlackElo "2397"]
[WhiteFideId "400270"]
[BlackFideId "412120"]
[EventDate "2018.07.28"]

1. c4 e5 2. Nc3 Nc6 3. g3 Nf6 4. Bg2 g6 5. Nf3 Bg7 6. d3 O-O 7. O-O d6 8. Rb1 a5
9. a3 Bg4 10. h3 Bd7 11. b4 axb4 12. axb4 Qc8 13. Kh2 1/2-1/2

[Event "105th ch-GBR 2018"]
[Site "Hull ENG"]
[Date "2018.08.05"]
[Round "9.5"]
[White "Pert, Nicholas"]
[Black "Hawkins, Jonathan"]
[Result "1/2-1/2"]
[WhiteTitle "GM"]
[BlackTitle "GM"]
[WhiteElo "2544"]
[BlackElo "2590"]
[WhiteFideId "403989"]
[BlackFideId "412686"]
[EventDate "2018.07.28"]

1. d4 d5 2. c4 e6 3. Nf3 Nf6 4. Nc3 dxc4 5. e4 Bb4 6. Bxc4 Nxe4 7. O-O Nxc3 8.
bxc3 Be7 9. Ne5 O-O 10. Qg4 Nc6 11. Re1 Nxe5 12. dxe5 f5 13. exf6 Bxf6 14. Ba3
Bxc3 15. Rad1 Qf6 16. Bxf8 Bxe1 17. Bxg7 Bxf2+ 18. Kf1 Qg6 19. Qxg6 hxg6 20. Be5
Bh4 21. Rd4 Be7 22. Bxc7 Kg7 23. Be5+ Bf6 24. Bxf6+ 1/2-1/2

[Event "105th ch-GBR 2018"]
[Site "Hull ENG"]
[Date "2018.08.05"]
[Round "9.7"]
[White "McPhillips, Joseph"]
[Black "Tan, Justin2"]
[Result "1/2-1/2"]
[WhiteTitle "FM"]
[BlackTitle "IM"]
[WhiteElo "2402"]
[BlackElo "2481"]
[WhiteFideId "422487"]
[BlackFideId "3206882"]
[EventDate "2018.07.28"]

1. e4 c6 2. d4 d5 3. Nd2 dxe4 4. Nxe4 Nf6 5. Nxf6+ exf6 6. c3 Bd6 7. Bd3 O-O 8.
Qc2 h5 9. Ne2 Re8 10. O-O h4 11. h3 Nd7 12. Bf4 1/2-1/2

[Event "105th ch-GBR 2018"]
[Site "Hull ENG"]
[Date "2018.08.05"]
[Round "9.8"]
[White "Fernandez, Daniel Howard"]
[Black "Pritchett, Craig W"]
[Result "1-0"]
[WhiteTitle "GM"]
[BlackTitle "IM"]
[WhiteElo "2477"]
[BlackElo "2274"]
[WhiteFideId "5801605"]
[BlackFideId "2400065"]
[EventDate "2018.07.28"]

1. d4 Nf6 2. Nf3 e6 3. Bf4 d5 4. e3 Bd6 5. Bg3 Ne4 6. Nbd2 f5 7. Bh4 Be7 8. Bxe7
Qxe7 9. Ne5 O-O 10. g3 Nd7 11. Nxd7 Bxd7 12. c3 e5 13. Qb3 exd4 14. cxd4 Nxd2
15. Kxd2 Be6 16. Rc1 c6 17. h4 Rac8 18. Qa4 Bd7 19. Bg2 a6 20. Rc3 Be6 21. Rb3
g6 22. Rc1 Rcd8 23. Qa5 Bc8 24. a4 h6 25. Qc5 Qxc5 26. dxc5 d4 27. Rd3 dxe3+ 28.
fxe3 Rxd3+ 29. Kxd3 Rd8+ 30. Kc3 Kg7 31. b4 Kf6 32. b5 axb5 33. axb5 cxb5 34.
Kb4 Rd3 35. Re1 Rd2 36. Bh1 Rb2+ 37. Ka5 b4 38. Kb6 b3 39. Bxb7 Be6 40. Ba6 Rd2
41. c6 b2 42. c7 Rc2 43. Rb1 Ba2 44. Bc4 Rxc4 45. Rxb2 1-0

[Event "105th ch-GBR 2018"]
[Site "Hull ENG"]
[Date "2018.08.05"]
[Round "9.9"]
[White "Macklin, Paul"]
[Black "Adair, James R"]
[Result "1/2-1/2"]
[WhiteTitle "FM"]
[BlackTitle "IM"]
[WhiteElo "2363"]
[BlackElo "2492"]
[WhiteFideId "455865"]
[BlackFideId "406252"]
[EventDate "2018.07.28"]

1. e4 c5 2. Nf3 d6 3. Nc3 Nf6 4. e5 dxe5 5. Nxe5 a6 6. g3 Qd6 7. Nc4 Qc6 8. Rg1
Bg4 9. Be2 Qe6 10. d3 b5 11. Ne3 Bxe2 12. Qxe2 Nc6 13. f3 g6 14. Kf1 Bg7 15. Kg2
O-O 16. Bd2 Nd4 17. Qf2 Qc6 18. Rgf1 Nd7 19. Ncd5 Rfe8 20. c3 Nc2 21. Rad1 Nxe3+
22. Nxe3 Rad8 23. Bc1 Nb6 24. Rfe1 Rd6 25. Ng4 e5 26. Nh6+ Kf8 27. Kg1 Nd7 28.
b4 cxb4 29. cxb4 Rd4 30. a3 Qd6 31. Be3 Rd5 32. Qa2 Qe6 33. Qb3 Rd6 34. Qc2 Rc6
35. Qg2 Rc3 36. Qd2 Rxa3 37. Re2 Qd5 38. Kg2 Rc8 39. Rc1 Rc6 40. Rxc6 Qxc6 41.
Qd1 f6 42. Rc2 Rc3 43. Rxc3 Qxc3 44. Qb1 Bxh6 45. Bxh6+ Ke7 46. Be3 Kd8 47. Kf2
Kc8 48. Qa2 Kb7 49. Qd5+ Qc6 50. Qb3 Qd6 51. Ke2 f5 52. Qf7 h5 53. h4 Kc7 54.
Qb3 Qe7 55. Qc3+ Kb7 56. Qb3 Qd6 57. Qf7 Kc6 58. Qa2 Kc7 59. Qb3 Qc6 60. Qa2 Kb7
61. Qb3 e4 62. fxe4 fxe4 63. dxe4 Qxe4 64. Qd3 Qe6 65. Qd4 Nf6 66. Qa7+ Kc8 67.
Qa8+ Kd7 68. Qb7+ Ke8 69. Qb8+ Kf7 70. Qc7+ Qd7 71. Qf4 Qg4+ 72. Kd3 Ke6 73. Kd4
Qxf4+ 74. Bxf4 Nd5 75. Bd2 Kd6 76. Ke4 Nf6+ 77. Kd4 Nd5 78. Ke4 Ne7 79. Kf4 Ke6
80. Ke4 Nc6 81. Bc3 Ne7 82. Bd2 Nd5 83. Kd4 Nf6 84. Bf4 Nd5 85. Bd2 1/2-1/2

[Event "105th ch-GBR 2018"]
[Site "Hull ENG"]
[Date "2018.08.05"]
[Round "9.10"]
[White "Fitzsimons, David"]
[Black "Wells, Peter K"]
[Result "0-1"]
[WhiteTitle "FM"]
[BlackTitle "GM"]
[WhiteElo "2328"]
[BlackElo "2426"]
[WhiteFideId "2501961"]
[BlackFideId "400327"]
[EventDate "2018.07.28"]

1. e4 c6 2. d4 d5 3. exd5 cxd5 4. Bf4 Nc6 5. c3 Bf5 6. Nd2 e6 7. Ngf3 Bd6 8.
Bxd6 Qxd6 9. Bb5 Ne7 10. Nh4 Bg6 11. g3 a6 12. Nxg6 hxg6 13. Be2 g5 14. Kf1 f5
15. Nb3 Kf7 16. Bd3 Rh6 17. Qd2 g4 18. Re1 Rah8 19. Kg2 a5 20. Bc2 b6 21. Nc1 e5
22. dxe5 Nxe5 23. Qf4 Nf3 24. Rd1 Rxh2+ 25. Rxh2 Rxh2+ 26. Kf1 Qxf4 27. gxf4 g3
28. Ke2 Rxf2+ 29. Ke3 d4+ 0-1

[Event "105th ch-GBR 2018"]
[Site "Hull ENG"]
[Date "2018.08.05"]
[Round "9.11"]
[White "Young, Daniel J"]
[Black "Palliser, Richard J D"]
[Result "0-1"]
[BlackTitle "IM"]
[WhiteElo "1962"]
[BlackElo "2418"]
[WhiteFideId "425184"]
[BlackFideId "407372"]
[EventDate "2018.07.28"]

1. e4 c6 2. d4 d5 3. e5 Bf5 4. Nf3 e6 5. Be2 Nd7 6. O-O Bg6 7. Nbd2 Nh6 8. Nb3
Nf5 9. a4 a5 10. c3 Bh5 11. h3 Bxf3 12. Bxf3 Be7 13. Be2 Bg5 14. Bd3 Bxc1 15.
Qxc1 Ne7 16. Qe3 Qb6 17. Bc2 Nf5 18. Qe1 g6 19. g4 Ne7 20. Qe3 h5 21. Kg2 O-O-O
22. Rh1 Qc7 23. Nc5 Nxc5 24. dxc5 d4 25. cxd4 Nd5 26. Qd2 g5 27. Rad1 Nf4+ 28.
Kf3 f6 29. exf6 Rhf8 30. Be4 Rxf6 31. Ke3 e5 32. Qc3 Re8 33. d5 cxd5 34. Bxd5
Nxd5+ 35. Rxd5 Qf7 36. Qxa5 Qxd5 37. Qa8+ Kc7 38. Qxe8 Qd4+ 0-1

[Event "105th ch-GBR 2018"]
[Site "Hull ENG"]
[Date "2018.08.05"]
[Round "9.12"]
[White "Kalavannan, Koby"]
[Black "Houska, Jovanka"]
[Result "1/2-1/2"]
[BlackTitle "IM"]
[WhiteElo "2277"]
[BlackElo "2406"]
[WhiteFideId "425753"]
[BlackFideId "405094"]
[EventDate "2018.07.28"]

1. d4 d5 2. c4 e6 3. g3 Nf6 4. Bg2 Bb4+ 5. Nd2 O-O 6. Nf3 b6 7. O-O Bb7 8. Ne5
Qc8 9. Qa4 Be7 10. cxd5 Bxd5 11. e4 Bb7 12. b4 b5 13. Qb3 a5 14. bxa5 Rxa5 15.
Bb2 Nbd7 16. Rfc1 Nxe5 17. dxe5 Ne8 18. Bc3 b4 19. Nc4 Ra6 20. Bxb4 Bxb4 21.
Qxb4 Qa8 22. Qb5 Bc6 23. Qb1 f5 24. Nd2 Qa7 25. Qc2 Rf7 26. Qc5 Qa8 27. Bf1 Rb6
28. exf5 Rxf5 29. a4 Bd5 30. a5 Rc6 31. Qb5 Qa7 32. Qe2 Rxc1 33. Rxc1 Qxa5 34.
Bh3 1/2-1/2